00000000nas 2200000za 4500
0019.841043
003CaOODSP
00520250403105950
007cr |||||||||||
008170803d19982000oncar p oss  f0###b0fre|d
040 |aCaOODSP|bfre
043 |an-cn---
0861 |aCS10-0202F-PDF
24500|aCANSIM répertoire des matrices |h[ressource électronique].
260 |aOttawa : |bStatistique Canada, |c1998-2000.
310 |aAnnuel
3620 |a1998-2000.
500 |aPubli. aussi en anglais sous le titre : CANSIM matrix directory.
500 |aÉdition numérisée de l’imprimé [par Statistique Canada].
520 |aCe document se retrouvent une brève description du domaine, une liste des personnes-ressources et l'énumération du contenu de la Base de données des séries chronologiques au niveau de la matrice. Le Sommaire du répertoire est en ordre comme le montre la Table des matières. Un numéro de matrice suivi d'un "T" indique que toutes les séries de la matrice sont terminées, c'est-à-dire interrompues.
69207|2gccst|aStatistique
69207|2gccst|aBase de données
7102 |aStatistique Canada.
77508|tCANSIM matrix directory |w(CaOODSP)9.841042
986 |a10F0202XPF